000 00484nam a2200193Ia 4500
005 20251020182603.0
008 200515s9999 xx 000 0 und d
082 _aSC/338:312./.3/P45
110 _aDirección General del Empleo
245 0 _aIndustrialización empleo y migraciones internas en el Perú
260 _aLima
260 _c1981
300 _a436
650 _aEMPLEO
650 _aINDUSTRIALIZACION
650 _aMIGRACIONES
650 _aTRABAJO
942 _cLIB
999 _c3116
_d3116